Introduction to discrete mathematics / (Record no. 9846)
[ view plain ]
| 000 -LEADER | |
|---|---|
| fixed length control field | 01456nam a22002657a 4500 |
| 005 - ΗΜΕΡΟΜΗΝΙΑ ΚΑΙ ΩΡΑ ΤΕΛΕΥΤΑΙΑΣ ΕΝΗΜΕΡΩΣΗΣ | |
| Πεδίο ελέγχου | 20250801105858.0 |
| 006 - FIXED-LENGTH DATA ELEMENTS--ADDITIONAL MATERIAL CHARACTERISTICS | |
| Πεδίο ελέγχου σταθερού μήκους | a|||||r||||||||||| |
| 008 - FIXED-LENGTH DATA ELEMENTS--GENERAL INFORMATION | |
| Πεδίο ελέγχου σταθερού μήκους | s1989 a 001 0 eng |
| 020 ## - ISBN | |
| ISBN | 0071002022 |
| 040 ## - ΠΗΓΗ ΚΑΤΑΛΟΓΟΓΡΑΦΗΣΗΣ | |
| Φορέας πρωτότυπης καταλογογράφησης | MC Athens Campus Library |
| Modifying agency | MC Athens Campus Library |
| Γλώσσα καταλογογράφησης | Ελληνικά, Μοντέρνα (1453-) |
| Κανόνες περιγραφικής καταλογογράφησης | AACR2 |
| 100 ## - MAIN ENTRY--PERSONAL NAME | |
| Personal name | McEliece, Robert J. |
| 9 (RLIN) | 9902 |
| 245 10 - ΤΙΤΛΟΣ ΚΑΙ ΔΗΛΩΣΗ ΥΠΕΥΘΥΝΟΤΗΤΑΣ | |
| Τίτλος | Introduction to discrete mathematics / |
| Statement of responsibility, etc. | Robert J. McEliece, Robert B. Ash, Carol Ash. |
| 250 ## - EDITION STATEMENT | |
| Edition statement | 1st ed. |
| 260 ## - PUBLICATION, DISTRIBUTION, ETC. | |
| Place of publication, distribution, etc. | Singapore : |
| Name of publisher, distributor, etc. | McGraw-Hill, |
| Date of publication, distribution, etc. | c1989. |
| 300 ## - PHYSICAL DESCRIPTION | |
| Extent | 1 v. (various pagings) : |
| Other physical details | ill. (some col.) ; |
| Διαστάσεις | 25 cm. |
| 500 ## - GENERAL NOTE | |
| Γενική σημείωση | Includes index. |
| 520 ## - SUMMARY, ETC. | |
| Summary, etc. | As a complete introduction to all of the important areas in discrete mathematics - and as preparation for advanced courses in computer science or electrical engineering with discrete mathematics as a prerequisite - this text is ideal. The authors are well-known, highly respected mathematicians with many years of practical experience. They have included all parts of the subject that are essential for all practical applications, plus some less directly applicable topics which are intellectually challenging and fun (combinatorics, Euler's V-E+F=2 theorem, and mathematical games). More than 200 worked examples, 1,500 problems, and 600 figures are included. |
| 650 #0 - SUBJECT ADDED ENTRY--TOPICAL TERM | |
| Topical term or geographic name entry element | Mathematics |
| 9 (RLIN) | 9905 |
| 650 #0 - SUBJECT ADDED ENTRY--TOPICAL TERM | |
| Topical term or geographic name entry element | Computing |
| 9 (RLIN) | 9851 |
| 653 ## - INDEX TERM--UNCONTROLLED | |
| Μη ελεγχόμενοι όροι | Computer science |
| 700 ## - ΠΡΟΣΘΕΤΗ ΑΝΑΓΡΑΦΗ--ΦΥΣΙΚΟ ΠΡΟΣΩΠΟ | |
| Personal name | Ash, Robert B. |
| 9 (RLIN) | 9903 |
| 700 ## - ΠΡΟΣΘΕΤΗ ΑΝΑΓΡΑΦΗ--ΦΥΣΙΚΟ ΠΡΟΣΩΠΟ | |
| Personal name | Ash, Carol, |
| Dates associated with a name | 1935- |
| 9 (RLIN) | 9904 |
| 942 ## - ADDED ENTRY ELEMENTS (KOHA) | |
| Koha item type | Books |
| Τύπος τεκμηρίου | Βιβλιοθήκη | Τρέχουσα τοποθεσία | Barcode | Αριθμός εισαγωγής | Ημερομηνία απόκτησης | Ταξιθετικό σύμβολο | Αριθμός αντιτύπου | Κατάσταση απόσυρσης | Κατάσταση χαμένου | Κατάσταση κατεστραμμένου | Μη δανεισμός | Σύνολο δανεισμών | Ημερομηνία τελευταίας εμφάνισης | Η τιμή ισχύει από |
|---|---|---|---|---|---|---|---|---|---|---|---|---|---|---|
| Books | MC Athens Campus Library | MC Athens Campus Library | 9780000098184 | 8013 | 01/08/2025 | 510 MCE | 1 | 01/08/2025 | 01/08/2025 |